| 000 | 00596nam a2200229Ia 4500 | ||
|---|---|---|---|
| 008 | 170712s9999 xx 000 0 und d | ||
| 020 | _a9712714942 | ||
| 050 | _a899.21 | ||
| 050 | _bW567 2004 | ||
| 245 | _aWhen we were little (women) / | ||
| 245 | _cby Rhona Lopa-Macasaet and | ||
| 260 | _aPhilippines : | ||
| 260 | _bAnvil, | ||
| 260 | _c2004 | ||
| 300 | _a155 pages : | ||
| 300 | _billustrations ; | ||
| 300 | _c22cm. | ||
| 650 | _aLopa-Macasaet, Rhona | ||
| 650 | _aShort stories, Philippine (English). | ||
| 650 | _xEsteban-Vergel de Dios, Patricia. | ||
| 700 | _aTitle. | ||
| 999 |
_c340407 _d340407 |
||